LEADER 01573nam a2200241 i 4500 001 000000222701 003 CaOOAMICUS 005 20130924000000.0 008 130924s1977 it u000 u ita u 013 $a201598 040 $aSeMil$bita 100 1 $aZerbi, Pietro,$c.$0(OLS)http://semarc/name/10165 245 10$a[Cluny e Citeaux, riflessioni e ipotesi sui rapporti fra i due "ordines" durante lo scisma di Ponzio 1122-26 :$bestratto da I Cistercensi e il Lazio. Atti delle giornate di studio dell'Istituto di Storia dell'Arte dell'Università di Roma, 17-21 maggio 1977 /$cPiero Zerbi] Istituto di Storia dell'Arte dell'Università di Roma. 260 $a[S.l. :$bs.n.],$c1977. 300 $aP. 235-246 ;$c28 cm. 650 4$aCluny - Abbazia di Cluny.$0(OLS)http://semarc/subject/8382 650 4$aSaint-Nicolas-lès-Cîteaux - Abbazia di Cîteaux - Storia.$0(OLS)http://semarc/subject/37252 710 2 $aUniversità degli Studi Roma Tre : Istituto di Storia dell'Arte.$0(OLS)http://semarc/name/77758 850 $aSeMil 852 $aSeMil$W1$xVenegono$y1$m5D VII 19/18$j173047$B173047$CSeMilBibl$Z2$F183346 $81 961 $aOmaggio: Altro 996 $6245$a[Cluny e Citeaux, riflessioni e ipotesi sui rapporti fra i due "ordines" durante lo scisma di Ponzio 1122-26 :$bestratto da I Cistercensi e il Lazio. Atti delle giornate di studio dell'Istituto di Storia dell'Arte dell'Università di Roma, 17-21 maggio 1977$9(OLS)http://semarc/title/319282 996 $6260$a[S.l. :$bs.n.]$9(OLS)http://semarc/publisher/29751 LEADER 00977nam a2200217 i 4500 001 000000202223 003 CaOOAMICUS 005 20110518000000.0 008 110518n it u000 u ita u 013 $a180931 040 $aSeMil$bita 245 13$aIl Duca d'Aosta Cittadino della Riscossa Italica /$cPrefazione di Giovanni Giuriati ; a cura di E. M. Gray. 260 $aMilano :$bEnte Autonomo Stampa,$c1931[?] 300 $aXI, 120 p., [19] p. di tav. ;$c20 cm. 650 4$aGuerra mondiale <1914-1918> - Celebrazioni.$0(OLS)http://semarc/subject/38009 700 1 $aGray, Ezio Maria.$0(OLS)http://semarc/name/73096 700 1 $aGiuriati, Giovanni.$0(OLS)http://semarc/name/73095 850 $aSeMil 852 $aSeMil$W1$xVenegono$y1$m3U I 129$j152746$B152746$CSeMilBibl$Z2$F163780 $81 996 $6245$aIl Duca d'Aosta Cittadino della Riscossa Italica$9(OLS)http://semarc/title/292724 996 $6260$aMilano :$bEnte Autonomo Stampa$9(OLS)http://semarc/publisher/51703